| 000 | 00705nam a22002057a 4500 | ||
|---|---|---|---|
| 005 | 20251108164843.0 | ||
| 008 | 250721s9999 xx 000 0 ara d | ||
| 082 | 1 | 4 | _a891.509/برا |
| 100 | 1 | _aبراون، إدوار | |
| 245 | 1 | 0 | _aتاريخ الأدب في إيران منذ أقدم العصور حتى عصر الفردوسي / |
| 264 | 1 |
_aالكويت : _bجامعة الكويت، _c[19-]. |
|
| 300 | _aج | ||
| 650 | 1 | 7 | _aالأدب الفارسي |
| 650 | 1 | 7 | _aالتاريخ الأدبي |
| 650 | 1 | 7 | _aالنقد الأدبي |
| 700 | 1 |
_aصالح، علي باشا _eترجمة |
|
| 700 | 1 |
_aحلمي، أحمد كمال الدين _eترجمه |
|
| 942 |
_2ddc _cBK |
||
| 999 |
_c15910 _d15910 |
||